[Event "British Columbia-ch"]
[Site "Vancouver CAN"]
[Date "2013.10.14"]
[Round "6.2"]
[White "Cao, Jason"]
[Black "Lo, Ryan"]
[Result "1/2-1/2"]
[WhiteElo "2359"]
[BlackElo "2198"]
[PlyCount "65"]
[GameId "2160767909229207"]
[EventDate "2013.10.11"]
[EventType "tourn"]
[EventRounds "7"]
[EventCountry "CAN"]
[SourceTitle "EXT 2022"]
[Source "ChessBase"]
[SourceDate "2021.10.06"]
[SourceVersion "1"]
[SourceVersionDate "2021.10.06"]
[SourceQuality "1"]

1. d4 Nf6 2. Nf3 g6 3. g3 Bg7 4. Bg2 O-O 5. c4 d5 6. cxd5 Nxd5 7. O-O c6 8. e4 Nb6 9. h3 N8d7 10. Qc2 e5 11. Rd1 exd4 12. Nxd4 Qe7 13. Nc3 Nc5 14. b3 Rd8 15. Be3 Be6 16. Rac1 Na6 17. f4 Rd7 18. Bf2 Rad8 19. e5 f6 20. exf6 Bxf6 21. Nxe6 Rxd1+ 22. Rxd1 Rxd1+ 23. Qxd1 Qxe6 24. Ne4 Be7 25. Ng5 Qd6 26. Qe2 Nc5 27. Ne4 Nxe4 28. Qxe4 Bf6 29. Qe8+ Kg7 30. Qe2 Bd4 31. h4 Bxf2+ 32. Kxf2 Nd5 33. Qc4 1/2-1/2

[Event "British Columbia-ch"]
[Site "Vancouver CAN"]
[Date "2013.10.14"]
[Round "6.3"]
[White "Yoos, John"]
[Black "Wu, Howard"]
[Result "1-0"]
[WhiteElo "2381"]
[BlackElo "2252"]
[PlyCount "45"]
[GameId "2160767909229208"]
[EventDate "2013.10.11"]
[EventType "tourn"]
[EventRounds "7"]
[EventCountry "CAN"]
[SourceTitle "EXT 2022"]
[Source "ChessBase"]
[SourceDate "2021.10.06"]
[SourceVersion "1"]
[SourceVersionDate "2021.10.06"]
[SourceQuality "1"]

1. e4 c5 2. Nf3 Nc6 3. d4 cxd4 4. Nxd4 g6 5. c4 Bg7 6. Be3 Nf6 7. Nc3 O-O 8. Be2 b6 9. Nc2 Bb7 10. O-O Rc8 11. Na3 d6 12. Qd2 Ne5 13. f3 Re8 14. Rfd1 Qc7 15. Rac1 Qb8 16. b3 e6 17. Qxd6 Qxd6 18. Rxd6 Bf8 19. Nab5 a6 20. Rxb6 axb5 21. Rxb7 bxc4 22. Bd4 Ned7 23. Bxc4 1-0

[Event "British Columbia-ch"]
[Site "Vancouver CAN"]
[Date "2013.10.14"]
[Round "6.4"]
[White "Villavieja, Butch"]
[Black "Sohal, Tanraj"]
[Result "0-1"]
[WhiteElo "2229"]
[BlackElo "2260"]
[PlyCount "88"]
[GameId "2160767909229209"]
[EventDate "2013.10.11"]
[EventType "tourn"]
[EventRounds "7"]
[EventCountry "CAN"]
[SourceTitle "EXT 2022"]
[Source "ChessBase"]
[SourceDate "2021.10.06"]
[SourceVersion "1"]
[SourceVersionDate "2021.10.06"]
[SourceQuality "1"]

1. e4 e6 2. d4 d5 3. e5 c5 4. c3 Qb6 5. a3 Nc6 6. Nf3 Nh6 7. b4 cxd4 8. cxd4 Nf5 9. Bb2 Bd7 10. g4 Nfe7 11. Nc3 h5 12. Na4 Qd8 13. Nc5 Rb8 14. g5 g6 15. Rc1 Nf5 16. Bd3 Nce7 17. b5 Bg7 18. a4 O-O 19. Bc3 Bc8 20. Bb4 Re8 21. O-O Bf8 22. Nb3 b6 23. Qd2 Ng7 24. Bd6 Rb7 25. Qc3 Nef5 26. Bc7 Qd7 27. a5 Bb4 28. Qc2 Bxa5 29. Nxa5 bxa5 30. Bxa5 Qe7 31. Qd2 Bd7 32. Bb4 Qd8 33. Rc5 Qb8 34. Ra1 Bxb5 35. Bxb5 Rxb5 36. Rxb5 Qxb5 37. Rxa7 Rb8 38. Bd6 Qb1+ 39. Kg2 Rb3 40. Qf4 Qd1 41. Ra8+ Kh7 42. Nd2 Rd3 43. Nf1 Rxd4 44. Ne3 Nxe3+ 0-1

[Event "British Columbia-ch"]
[Site "Vancouver CAN"]
[Date "2013.10.14"]
[Round "7.1"]
[White "Sohal, Tanraj"]
[Black "Pechisker, Alfred"]
[Result "1-0"]
[WhiteElo "2260"]
[BlackElo "2285"]
[PlyCount "107"]
[GameId "2160767909229210"]
[EventDate "2013.10.11"]
[EventType "tourn"]
[EventRounds "7"]
[EventCountry "CAN"]
[SourceTitle "EXT 2022"]
[Source "ChessBase"]
[SourceDate "2021.10.06"]
[SourceVersion "1"]
[SourceVersionDate "2021.10.06"]
[SourceQuality "1"]

1. d4 Nf6 2. c4 c5 3. d5 b5 4. cxb5 a6 5. bxa6 g6 6. Nc3 Bxa6 7. e4 Bxf1 8. Kxf1 d6 9. Nf3 Bg7 10. g3 O-O 11. Kg2 Nbd7 12. a4 Qb6 13. Ra3 Ng4 14. Qc2 c4 15. h3 Nge5 16. Be3 Qb7 17. Nd4 Nc5 18. Ndb5 Rfc8 19. f3 Ned3 20. Rb1 Ra6 21. h4 e6 22. Bxc5 Nxc5 23. h5 Nd3 24. hxg6 hxg6 25. b3 exd5 26. Nxd5 Ne5 27. f4 Ng4 28. bxc4 Qd7 29. a5 Rc5 30. Qe2 Nf6 31. Rd1 Kf8 32. Nxf6 Bxf6 33. Rd5 Be7 34. Qd3 Qc6 35. Qd4 Kg8 36. Rxc5 dxc5 37. Qd5 Qf6 38. Ra2 Bf8 39. Qd7 g5 40. Qg4 Be7 41. Qxg5+ Qxg5 42. fxg5 Bd8 43. Kf3 Kg7 44. Kg4 Kg6 45. Rd2 Bxa5 46. Ra2 Ra8 47. Nc3 Ra7 48. Nd5 Bb6 49. Rxa7 Bxa7 50. Nf4+ Kg7 51. Kf5 Bb8 52. g4 Bc7 53. Nh5+ Kf8 54. g6 1-0

[Event "British Columbia-ch"]
[Site "Vancouver CAN"]
[Date "2013.10.14"]
[Round "7.2"]
[White "Wu, Howard"]
[Black "Villavieja, Butch"]
[Result "1-0"]
[WhiteElo "2252"]
[BlackElo "2229"]
[PlyCount "139"]
[GameId "2160767909229211"]
[EventDate "2013.10.11"]
[EventType "tourn"]
[EventRounds "7"]
[EventCountry "CAN"]
[SourceTitle "EXT 2022"]
[Source "ChessBase"]
[SourceDate "2021.10.06"]
[SourceVersion "1"]
[SourceVersionDate "2021.10.06"]
[SourceQuality "1"]

1. e4 c5 2. Nf3 d6 3. d4 cxd4 4. Nxd4 Nf6 5. Nc3 g6 6. Be3 Bg7 7. f3 Nc6 8. Bc4 O-O 9. Qd2 a5 10. O-O-O Ne5 11. Bb3 Nfd7 12. f4 Ng4 13. Bxf7+ Rxf7 14. Ne6 Qe8 15. Nc7 Qd8 16. Nxa8 Nxe3 17. Qxe3 Nf6 18. h3 Nh5 19. Qb6 Qxb6 20. Nxb6 Be6 21. f5 gxf5 22. exf5 Rxf5 23. g4 Rf2 24. Ne4 Re2 25. Rde1 Nf4 26. Rxe2 Nxe2+ 27. Kd2 Nd4 28. Kd3 Nc6 29. Nc3 Nb4+ 30. Ke4 Bf7 31. Nbd5 Nc6 32. Nf4 e6 33. Rf1 d5+ 34. Kd3 Ne5+ 35. Ke2 Nc4 36. b3 Na3 37. Kd3 b5 38. Nb1 Nxb1 39. Rxb1 e5 40. Nh5 e4+ 41. Ke2 Bc3 42. Rf1 h6 43. Ng3 Be6 44. Nf5 Kh7 45. Ke3 Kg6 46. Nd4 Bf7 47. Nxb5 Bf6 48. Nd4 Bg5+ 49. Ke2 Bf6 50. c3 Be8 51. Rf5 Bf7 52. Kd2 Bg5+ 53. Kc2 Kg7 54. Nc6 a4 55. bxa4 Be8 56. Nd4 Bxa4+ 57. Kb2 Bd2 58. Rxd5 e3 59. Re5 Kf6 60. Re6+ Kg5 61. Nc2 Kf4 62. Nxe3 Bxe3 63. Rxh6 Kg3 64. Rh5 Bf4 65. Ka3 Be8 66. Rh8 Bc6 67. Kb2 Bg2 68. a4 Bxh3 69. a5 Bg2 70. a6 1-0

[Event "British Columbia-ch"]
[Site "Vancouver CAN"]
[Date "2013.10.14"]
[Round "7.3"]
[White "Lo, Ryan"]
[Black "Yoos, John"]
[Result "1/2-1/2"]
[WhiteElo "2198"]
[BlackElo "2381"]
[PlyCount "80"]
[GameId "2160767909229212"]
[EventDate "2013.10.11"]
[EventType "tourn"]
[EventRounds "7"]
[EventCountry "CAN"]
[SourceTitle "EXT 2022"]
[Source "ChessBase"]
[SourceDate "2021.10.06"]
[SourceVersion "1"]
[SourceVersionDate "2021.10.06"]
[SourceQuality "1"]

1. d4 Nf6 2. c4 e6 3. Nc3 Bb4 4. e3 O-O 5. Bd3 d5 6. Nf3 b6 7. a3 Bd6 8. cxd5 exd5 9. Qc2 Bb7 10. Nb5 Re8 11. Nxd6 Qxd6 12. O-O Nbd7 13. Bd2 Ne4 14. b4 a6 15. Bc3 Re6 16. Ne5 Rh6 17. f4 Re6 18. Rac1 f6 19. Bxe4 dxe4 20. Nxd7 Qxd7 21. f5 Re7 22. Qe2 Bd5 23. g4 Rf8 24. Rf4 g5 25. Rf2 h5 26. h3 Rh7 27. Rh2 Kf7 28. Be1 h4 29. Qc2 Kg8 30. a4 Qf7 31. a5 Qd7 32. Ra1 Qb5 33. Qc3 Re7 34. Rd2 Ra8 35. Rc1 Rb8 36. Ra1 Kf8 37. Ra3 Ra8 38. Qa1 Ke8 39. Qc1 Qd7 40. Qa1 b5 1/2-1/2

[Event "British Columbia-ch"]
[Site "Vancouver CAN"]
[Date "2013.10.14"]
[Round "7.4"]
[White "Cheng, Jack"]
[Black "Cao, Jason"]
[Result "0-1"]
[WhiteElo "2266"]
[BlackElo "2359"]
[PlyCount "122"]
[GameId "2160767909229213"]
[EventDate "2013.10.11"]
[EventType "tourn"]
[EventRounds "7"]
[EventCountry "CAN"]
[SourceTitle "EXT 2022"]
[Source "ChessBase"]
[SourceDate "2021.10.06"]
[SourceVersion "1"]
[SourceVersionDate "2021.10.06"]
[SourceQuality "1"]

1. e4 c5 2. Nf3 d6 3. d4 cxd4 4. Nxd4 Nf6 5. Nc3 a6 6. Be2 e5 7. Nb3 Be7 8. O-O O-O 9. Kh1 b6 10. Be3 Bb7 11. f3 b5 12. a3 Nbd7 13. Qe1 Rc8 14. Rd1 Qc7 15. Qf2 Rfe8 16. Rd2 Ba8 17. Rfd1 Rb8 18. Qg3 Kh8 19. Bg5 h6 20. Qh3 Kg8 21. Bh4 Red8 22. Nc1 Nb6 23. N1a2 Nc4 24. Bxc4 Qxc4 25. Nb4 a5 26. Nd3 b4 27. axb4 axb4 28. Ne2 Qc7 29. Nf2 Qc8 30. Qxc8 Rdxc8 31. Nd3 g5 32. Bf2 Rc4 33. Ra1 Bxe4 34. fxe4 Nxe4 35. Rdd1 Nxf2+ 36. Nxf2 Rxc2 37. Re1 Rxb2 38. Rab1 Rxb1 39. Rxb1 d5 40. Kg1 f5 41. Kf1 Kf7 42. Nc1 e4 43. Nb3 Bf6 44. Rd1 Ke6 45. g4 Rd8 46. Nc5+ Ke5 47. Rb1 Be7 48. Na6 f4 49. Nxb4 Bxb4 50. Rxb4 Ra8 51. Rb1 f3 52. h3 Ra2 53. Re1 Kf4 54. Nd1 d4 55. Nf2 e3 56. Nd3+ Kg3 57. Rc1 Rh2 58. Kg1 f2+ 59. Kf1 Rh1+ 60. Ke2 Rxc1 61. Nxc1 Kg2 0-1

[Event "British Columbia-ch U20"]
[Site "Vancouver CAN"]
[Date "2013.11.08"]
[Round "1.1"]
[White "Su, Michael"]
[Black "Sohal, Tanraj"]
[Result "0-1"]
[WhiteElo "1852"]
[BlackElo "2334"]
[PlyCount "144"]
[GameId "2160767909216590"]
[EventDate "2013.11.08"]
[EventType "swiss"]
[EventRounds "5"]
[EventCountry "CAN"]

1. d4 d5 2. Nf3 Nf6 3. e3 Bf5 4. c4 e6 5. Qb3 Qc8 6. Nc3 c6 7. Nh4 Bg6 8. Nxg6 hxg6 9. g3 Nbd7 10. Bg2 Be7 11. O-O Rb8 12. e4 dxe4 13. Bf4 Ra8 14. Nxe4 Nxe4 15. Bxe4 e5 16. dxe5 Nc5 17. Qf3 Qh3 18. Bxc6+ Kf8 19. Qg2 bxc6 20. Qxh3 Rxh3 21. Kg2 Rh8 22. Rad1 Ke8 23. b4 Ne6 24. Bd2 Kd7 25. Bg5+ Ke8 26. Bd2 Rd8 27. Bc3 g5 28. Rxd8+ Bxd8 29. Rd1 Bc7 30. b5 cxb5 31. cxb5 g4 32. Bd4 Nxd4 33. Rxd4 Bxe5 34. Rxg4 Kd7 35. Ra4 Bb8 36. Rg4 g6 37. a4 Rc8 38. Rb4 Bd6 39. Rb3 Rc2 40. b6 axb6 41. Rxb6 Ra2 42. h4 Rxa4 43. Kh3 Ra2 44. f4 Ra3 45. Kg4 Ke7 46. Rc6 Rd3 47. Rc4 Kf6 48. Ra4 Bc5 49. Ra2 Kg7 50. Rc2 Bd6 51. Rf2 Kh6 52. Rf1 Bc5 53. f5 Bd6 54. fxg6 Rxg3+ 55. Kf5 fxg6+ 56. Ke6 Bc7 57. Rh1 Rf3 58. Kd5 Bg3 59. Rh3 Kh5 60. Rh1 Bxh4 61. Ke4 Rf8 62. Ke3 g5 63. Ke4 Kg4 64. Ke3 Bg3 65. Ke4 Re8+ 66. Kd3 Kf3 67. Rh5 Rd8+ 68. Kc2 g4 69. Rf5+ Bf4 70. Rf7 g3 71. Rg7 g2 72. Rg6 Kf2 0-1

[Event "British Columbia-ch U20"]
[Site "Vancouver CAN"]
[Date "2013.11.08"]
[Round "1.2"]
[White "Cao, Jason"]
[Black "Cui, Karl"]
[Result "1-0"]
[WhiteElo "2295"]
[BlackElo "1839"]
[PlyCount "61"]
[GameId "2160767909216591"]
[EventDate "2013.11.08"]
[EventType "swiss"]
[EventRounds "5"]
[EventCountry "CAN"]

1. e4 c5 2. Nf3 e6 3. d4 cxd4 4. Nxd4 a6 5. Bd3 Qc7 6. O-O Nf6 7. Qe2 d6 8. c4 b6 9. Nc3 Bb7 10. f4 Nbd7 11. Kh1 Be7 12. Bd2 O-O 13. Rae1 Nc5 14. Bb1 Rfd8 15. f5 e5 16. Nf3 Rab8 17. b4 Ncd7 18. Nd5 Nxd5 19. cxd5 Rdc8 20. g4 b5 21. g5 Bf8 22. g6 fxg6 23. fxg6 h6 24. Nh4 Nf6 25. Bxh6 Nxd5 26. Bg5 Be7 27. Qh5 Nf6 28. Bxf6 Bxf6 29. Nf5 Qc4 30. Qh7+ Kf8 31. Nxg7 1-0

[Event "British Columbia-ch U20"]
[Site "Vancouver CAN"]
[Date "2013.11.08"]
[Round "1.3"]
[White "Richardson, Kai"]
[Black "Lo, Ryan"]
[Result "0-1"]
[WhiteElo "1758"]
[BlackElo "2204"]
[PlyCount "118"]
[GameId "2160767909216592"]
[EventDate "2013.11.08"]
[EventType "swiss"]
[EventRounds "5"]
[EventCountry "CAN"]

1. d4 Nf6 2. c4 g6 3. Nc3 d5 4. e3 Bg7 5. Nf3 O-O 6. b3 c5 7. Bb2 Nc6 8. Be2 Bg4 9. O-O cxd4 10. Nxd4 Bxe2 11. Qxe2 Nxd4 12. exd4 e6 13. Rfd1 dxc4 14. Qxc4 Qb6 15. d5 Nxd5 16. Nxd5 exd5 17. Qe2 Rfe8 18. Qd2 Bxb2 19. Qxb2 Rad8 20. Qd4 Qxd4 21. Rxd4 Re2 22. Kf1 Rc2 23. a4 Rb2 24. Rb4 b6 25. a5 Rc8 26. axb6 axb6 27. Rxb6 Rcc2 28. Rf6 Rxb3 29. Rd1 Kg7 30. Rf4 Rc4 31. Rxc4 dxc4 32. Rc1 Rb4 33. Rc2 Kf6 34. Ke2 Ke5 35. Rd2 f6 36. Kd1 c3 37. Rd7 Rd4+ 38. Rxd4 Kxd4 39. Kc2 g5 40. h3 h6 41. g4 Kc4 42. Kc1 Kd3 43. Kd1 c2+ 44. Kc1 Kc3 45. f3 Kd3 46. f4 gxf4 47. h4 f3 48. g5 fxg5 49. hxg5 hxg5 50. Kb2 Kd2 51. Kb3 c1=Q 52. Kb4 Qc3+ 53. Kb5 Kd3 54. Kb6 Qc4 55. Ka7 Qb5 56. Ka8 Kc4 57. Ka7 Kc5 58. Ka8 Kc6 59. Ka7 Qb7# 0-1

[Event "British Columbia-ch U20"]
[Site "Vancouver CAN"]
[Date "2013.11.08"]
[Round "1.4"]
[White "Herdin, Matthew"]
[Black "Nyamdorj, Uranchimeg"]
[Result "1-0"]
[WhiteElo "2203"]
[BlackElo "1744"]
[PlyCount "49"]
[GameId "2160767909216593"]
[EventDate "2013.11.08"]
[EventType "swiss"]
[EventRounds "5"]
[EventCountry "CAN"]

1. e4 c5 2. Nf3 d6 3. d4 cxd4 4. Nxd4 Nf6 5. Nc3 Nc6 6. Bg5 e6 7. Qd2 a6 8. O-O-O Bd7 9. f4 h6 10. Bh4 b5 11. a3 Rc8 12. Nf3 Be7 13. e5 dxe5 14. fxe5 Ng4 15. Bxe7 Qxe7 16. Ne4 Rc7 17. Qf4 h5 18. h3 Nh6 19. Nd6+ Kf8 20. Bd3 g5 21. Nxg5 Kg7 22. Ngxf7 Nxf7 23. Nxf7 Qxf7 24. Qg5+ Kf8 25. Rhf1 1-0

[Event "British Columbia-ch U20"]
[Site "Vancouver CAN"]
[Date "2013.11.08"]
[Round "1.5"]
[White "Pulfer, Luke"]
[Black "Wu, Ruining (Ray)"]
[Result "0-1"]
[WhiteElo "1654"]
[BlackElo "2057"]
[PlyCount "74"]
[GameId "2160767909216594"]
[EventDate "2013.11.08"]
[EventType "swiss"]
[EventRounds "5"]
[EventCountry "CAN"]

1. d4 Nf6 2. c4 g6 3. Nc3 d5 4. Nf3 Bg7 5. h4 O-O 6. e3 Bg4 7. Be2 c6 8. Ne5 Bxe2 9. Qxe2 Nbd7 10. f4 dxc4 11. Qxc4 Nb6 12. Qe2 Nbd5 13. e4 Nxc3 14. bxc3 c5 15. Qe3 cxd4 16. cxd4 Qd6 17. O-O Rfd8 18. Bb2 Rac8 19. Qb3 e6 20. f5 Nxe4 21. fxg6 fxg6 22. Qxb7 Bxe5 23. dxe5 Qb6+ 24. Qxb6 axb6 25. Rac1 Rxc1 26. Rxc1 Rd2 27. Ba3 Rxa2 28. Rc8+ Kg7 29. Rc7+ Kh6 30. Bf8+ Kh5 31. Rxh7+ Kg4 32. Rf7 Ra1+ 33. Kh2 Ng3 34. Rf4+ Kxf4 35. Bh6+ Kg4 36. Bc1 Rxc1 37. h5 Rh1# 0-1

[Event "British Columbia-ch U20"]
[Site "Vancouver CAN"]
[Date "2013.11.08"]
[Round "1.6"]
[White "Doknjas, John"]
[Black "Tapp, Ashley"]
[Result "1-0"]
[WhiteElo "2042"]
[BlackElo "1648"]
[PlyCount "83"]
[GameId "2160767909216595"]
[EventDate "2013.11.08"]
[EventType "swiss"]
[EventRounds "5"]
[EventCountry "CAN"]

1. d4 d5 2. c4 c6 3. Nc3 Nf6 4. Nf3 dxc4 5. a4 Bg4 6. Ne5 Bf5 7. f3 h6 8. e4 Bh7 9. Bxc4 e6 10. Be3 Bd6 11. Nd3 Be7 12. Qe2 O-O 13. O-O-O Nbd7 14. g4 a6 15. h4 b5 16. Bb3 Ne8 17. g5 h5 18. g6 Bxg6 19. Nf4 Kh7 20. Nxg6 Kxg6 21. f4 Nef6 22. e5 Ng4 23. Qd3+ Kh6 24. f5+ Nxe3 25. Qxe3+ Kh7 26. fxe6 fxe6 27. Qe4+ g6 28. Bxe6 Rc8 29. Rhg1 Rg8 30. Bxg8+ Qxg8 31. e6 Nf6 32. Qe2 b4 33. Ne4 a5 34. Rdf1 Rf8 35. Nxf6+ Rxf6 36. Rxf6 Bxf6 37. e7 Qe8 38. Qe4 Kg7 39. Qxg6+ Qxg6 40. Rxg6+ Kxg6 41. e8=Q+ Kf5 42. Qxh5+ 1-0

[Event "British Columbia-ch U20"]
[Site "Vancouver CAN"]
[Date "2013.11.08"]
[Round "1.8"]
[White "Hui, Jeremy"]
[Black "Shao, Nathan"]
[Result "1-0"]
[WhiteElo "2061"]
[BlackElo "1619"]
[PlyCount "95"]
[GameId "2160767909216597"]
[EventDate "2013.11.08"]
[EventType "swiss"]
[EventRounds "5"]
[EventCountry "CAN"]

1. e4 c5 2. Nf3 d6 3. Bb5+ Bd7 4. Bxd7+ Qxd7 5. c4 Nf6 6. Nc3 e6 7. O-O Nc6 8. d4 cxd4 9. Nxd4 Be7 10. f3 O-O 11. Nxc6 bxc6 12. Be3 Qb7 13. Qe2 Rfd8 14. b3 e5 15. f4 Nd7 16. f5 Nf6 17. Bg5 Ne8 18. Bxe7 Qxe7 19. Rf3 Nf6 20. Rd1 Rd7 21. Rfd3 Rad8 22. Qf3 h6 23. Kh1 Kh7 24. R3d2 Rg8 25. Ne2 g5 26. fxg6+ fxg6 27. Nc3 Rf8 28. Qd3 Ng4 29. Qg3 Nf6 30. Rf2 Nh5 31. Qe3 Rxf2 32. Qxf2 Nf6 33. Qe2 Qe6 34. Qd3 Kg7 35. b4 Kf7 36. Rf1 Kg7 37. Rd1 Kf7 38. b5 c5 39. a4 Ne8 40. Nd5 Rb7 41. a5 Qd7 42. Rf1+ Kg7 43. Qf3 Qf7 44. Qxf7+ Rxf7 45. Rxf7+ Kxf7 46. b6 axb6 47. axb6 Nf6 48. Nxf6 1-0

[Event "British Columbia-ch U20"]
[Site "Vancouver CAN"]
[Date "2013.11.08"]
[Round "1.9"]
[White "Low, Ethan"]
[Black "Nyamdorj, Davaa-Ochir"]
[Result "1-0"]
[WhiteElo "1494"]
[BlackElo "2055"]
[PlyCount "101"]
[GameId "2160767909216598"]
[EventDate "2013.11.08"]
[EventType "swiss"]
[EventRounds "5"]
[EventCountry "CAN"]

1. e4 c5 2. Nf3 Nc6 3. Bb5 Nf6 4. Bxc6 dxc6 5. d3 g6 6. h3 Bg7 7. O-O Qc7 8. Be3 b6 9. c3 O-O 10. Re1 Rd8 11. Qc2 Ba6 12. c4 Nh5 13. Nc3 Rd7 14. Rad1 Rad8 15. a3 Nf4 16. Bxf4 Qxf4 17. b4 Qf6 18. e5 Qf5 19. Ne4 cxb4 20. axb4 Bb7 21. Ng3 Qxd3 22. Rxd3 Rxd3 23. Qa4 a6 24. b5 cxb5 25. cxb5 a5 26. Qf4 Bd5 27. Qh4 Bf8 28. Ng5 h6 29. N5e4 a4 30. Qf4 a3 31. Qc1 a2 32. Qa1 Bb3 33. Nc3 e6 34. Kh2 Bb4 35. Nge4 Kg7 36. Rc1 Ba3 37. Rf1 R8d4 38. f3 Rc4 39. Nxa2 Rc2 40. Nc1 Bxc1 41. Rxc1 Ra2 42. Qb1 Re3 43. Rc3 Ree2 44. Qxb3 Rxg2+ 45. Kh1 Rh2+ 46. Kg1 Rag2+ 47. Kf1 Rb2 48. Qxb2 Rxb2 49. Nd6 h5 50. Rc6 Kh6 51. Nxf7+ 1-0

[Event "British Columbia-ch U20"]
[Site "Vancouver CAN"]
[Date "2013.11.08"]
[Round "1.10"]
[White "Doknjas, Joshua"]
[Black "Low, Kevin"]
[Result "0-1"]
[WhiteElo "2030"]
[BlackElo "1495"]
[PlyCount "182"]
[GameId "2160767909216599"]
[EventDate "2013.11.08"]
[EventType "swiss"]
[EventRounds "5"]
[EventCountry "CAN"]

1. e4 d6 2. d4 Nf6 3. Nc3 Nbd7 4. Nf3 e5 5. Bc4 Be7 6. O-O O-O 7. a4 c6 8. Qe2 h6 9. h3 Qc7 10. Ba2 Re8 11. d5 Nf8 12. Qc4 c5 13. b4 b6 14. Rd1 Bd7 15. b5 Ng6 16. Ne2 Nh5 17. g4 Nf6 18. Ng3 Bf8 19. Nf5 h5 20. g5 Nh7 21. Qf1 Qc8 22. N3h4 Nxh4 23. Nxh4 Bxh3 24. Qe2 g6 25. Kh2 Qg4 26. Qxg4 Bxg4 27. f3 Bc8 28. Rg1 a6 29. Bc4 Ra7 30. a5 axb5 31. Bxb5 Bd7 32. Bxd7 Rxd7 33. axb6 Rb7 34. Ra6 Reb8 35. f4 exf4 36. Bxf4 Rxb6 37. Rxb6 Rxb6 38. e5 dxe5 39. Bxe5 Bd6 40. Bxd6 Rxd6 41. c4 Kf8 42. Nf3 Rb6 43. Rg2 Ke7 44. Ne5 Rd6 45. Nd3 Rd7 46. Ne5 Rb7 47. Nd3 Kd6 48. Ra2 Rb6 49. Rg2 Rb3 50. Nf4 Re3 51. Nh3 Rf3 52. Rg3 Rxg3 53. Kxg3 Ke5 54. Kf3 Kf5 55. d6 Ke6 56. Kf4 Kxd6 57. Nf2 Nf8 58. Ne4+ Kc6 59. Ke5 Nd7+ 60. Kf4 h4 61. Nd2 Kd6 62. Ne4+ Ke6 63. Nd2 Ne5 64. Ne4 Nd7 65. Nd2 h3 66. Kg3 Kf5 67. Kxh3 Kxg5 68. Kg3 Kf5 69. Kf3 Ne5+ 70. Kg3 g5 71. Nb3 Nd3 72. Nd2 g4 73. Nf1 Kg5 74. Nd2 f5 75. Kg2 Kf4 76. Nf1 Ne5 77. Nd2 Nf3 78. Nb3 Ne1+ 79. Kf1 Nd3 80. Ke2 Ke4 81. Nd2+ Kd4 82. Nb3+ Kxc4 83. Nd2+ Kd4 84. Nb3+ Kd5 85. Nd2 c4 86. Nf1 f4 87. Kd1 Kd4 88. Kd2 Nc5 89. Kd1 Ne4 90. Ke1 Kd3 91. Kd1 g3 0-1

[Event "British Columbia-ch U20"]
[Site "Vancouver CAN"]
[Date "2013.11.09"]
[Round "2.1"]
[White "Sohal, Tanraj"]
[Black "Doknjas, John"]
[Result "1-0"]
[WhiteElo "2334"]
[BlackElo "2042"]
[PlyCount "75"]
[GameId "2160767909216600"]
[EventDate "2013.11.08"]
[EventType "swiss"]
[EventRounds "5"]
[EventCountry "CAN"]

1. d4 c5 2. d5 e6 3. c4 Nf6 4. Nc3 exd5 5. cxd5 d6 6. Nf3 g6 7. Bf4 a6 8. a4 Bg7 9. h3 O-O 10. e3 Ne8 11. Be2 Nd7 12. O-O Qe7 13. a5 Rb8 14. Nd2 Ne5 15. Bg3 f5 16. Kh2 Nf6 17. f4 Ned7 18. Re1 Ne4 19. Ndxe4 fxe4 20. Ra4 Bxc3 21. bxc3 b5 22. axb6 Nxb6 23. Ra1 h5 24. Kh1 Ra8 25. Rb1 Nd7 26. Rf1 h4 27. Bf2 Kg7 28. Qa4 Rh8 29. Qc6 Ra7 30. Bg4 a5 31. Qa4 Ba6 32. c4 Nf6 33. Be6 Qc7 34. Be1 Bc8 35. Bc3 Bxe6 36. Bxf6+ Kxf6 37. Qa1+ Kf5 38. Qxh8 1-0

[Event "British Columbia-ch U20"]
[Site "Vancouver CAN"]
[Date "2013.11.09"]
[Round "2.3"]
[White "Lo, Ryan"]
[Black "Hui, Jeremy"]
[Result "1/2-1/2"]
[WhiteElo "2204"]
[BlackElo "2061"]
[PlyCount "149"]
[GameId "2160767909216602"]
[EventDate "2013.11.08"]
[EventType "swiss"]
[EventRounds "5"]
[EventCountry "CAN"]

1. d4 e6 2. c4 Nf6 3. Nc3 c5 4. d5 exd5 5. cxd5 d6 6. Nf3 g6 7. Bf4 a6 8. a4 Bg7 9. h3 O-O 10. e3 Qe7 11. Bd3 Nbd7 12. O-O b6 13. Nd2 Ne8 14. Nc4 f5 15. Rb1 Rb8 16. Qd2 Ne5 17. b4 g5 18. Bh2 Nxc4 19. Bxc4 cxb4 20. Rxb4 Qc7 21. Rc1 Nf6 22. Ne2 Ne4 23. Bd3 Nc5 24. Nd4 a5 25. Rbb1 Bd7 26. Bb5 Be5 27. Bxd7 Qxd7 28. Bxe5 dxe5 29. Nc6 Rb7 30. Nxe5 Qxa4 31. Rxc5 bxc5 32. Rxb7 Qa1+ 33. Kh2 Qxe5+ 34. g3 Rf7 35. Rb5 c4 36. Rc5 Rd7 37. Qxa5 f4 38. d6 fxg3+ 39. fxg3 Qb2+ 40. Kg1 Qc1+ 41. Kg2 Qc2+ 42. Kf3 Rf7+ 43. Kg4 Qe2+ 44. Kxg5 Qxe3+ 45. Kh4 Qh6+ 46. Rh5 Qxd6 47. Rg5+ Kh8 48. Qc3+ Qf6 49. Qxf6+ Rxf6 50. Rc5 Rf8 51. Rxc4 Kg8 52. Rc7 Ra8 53. Rc3 Rb8 54. g4 Ra8 55. Kg3 Rf8 56. h4 Ra8 57. Rc6 Rb8 58. Kf4 Rf8+ 59. Kg5 Rb8 60. Kh6 Ra8 61. Rd6 Rb8 62. Kg5 Ra8 63. h5 Rf8 64. Kh6 Rb8 65. g5 Ra8 66. Rb6 Rc8 67. g6 hxg6 68. hxg6 Ra8 69. Rc6 Rb8 70. Kg5 Rf8 71. Rc7 Rf1 72. Rc5 Kg7 73. Rc7+ Kg8 74. Kh6 Rh1+ 75. Kg5 1/2-1/2

[Event "British Columbia-ch U20"]
[Site "Vancouver CAN"]
[Date "2013.11.09"]
[Round "2.4"]
[White "Low, Kevin"]
[Black "Herdin, Matthew"]
[Result "0-1"]
[WhiteElo "1495"]
[BlackElo "2203"]
[PlyCount "82"]
[GameId "2160767909216603"]
[EventDate "2013.11.08"]
[EventType "swiss"]
[EventRounds "5"]
[EventCountry "CAN"]

1. e4 d6 2. d4 Nf6 3. Bd3 e5 4. c3 Be7 5. Nf3 Nbd7 6. Nbd2 O-O 7. O-O c6 8. a4 Qc7 9. Re1 Re8 10. a5 Nf8 11. Nc4 Ng6 12. Qc2 Bg4 13. Kh1 Bxf3 14. gxf3 Nh5 15. Rg1 Nhf4 16. Bf1 b5 17. Ne3 Rab8 18. Nf5 Bf8 19. b4 Ne6 20. d5 cxd5 21. exd5 Nd4 22. Nxd4 exd4 23. c4 Ne5 24. f4 Nxc4 25. Bd3 g6 26. f5 Bg7 27. fxg6 fxg6 28. Rg2 Qf7 29. Bg5 Rbc8 30. Qb3 Qxd5 31. f4 a6 32. f5 h6 33. Bxh6 Bxh6 34. f6 Re3 35. Bxg6 Qxg2+ 36. Kxg2 Rxb3 37. Re1 Ne5 38. Bf5 Rb2+ 39. Kg3 Rc3+ 40. Kh4 Rxh2+ 41. Bh3 Rhxh3# 0-1

[Event "British Columbia-ch U20"]
[Site "Vancouver CAN"]
[Date "2013.11.09"]
[Round "2.5"]
[White "Wu, Ruining (Ray)"]
[Black "Low, Ethan"]
[Result "1-0"]
[WhiteElo "2057"]
[BlackElo "1494"]
[PlyCount "105"]
[GameId "2160767909216604"]
[EventDate "2013.11.08"]
[EventType "swiss"]
[EventRounds "5"]
[EventCountry "CAN"]

1. d4 d6 2. Nf3 Nf6 3. c4 Nbd7 4. Nc3 e5 5. d5 Be7 6. e4 Nc5 7. Qc2 a5 8. Be3 b6 9. h3 Bd7 10. b3 O-O 11. Be2 Re8 12. a3 h6 13. Nd2 Nh7 14. Bg4 Bg5 15. Bxc5 bxc5 16. Bxd7 Qxd7 17. Nf3 Be7 18. O-O Ng5 19. Nxg5 Bxg5 20. Nb5 Rf8 21. Ra2 Rac8 22. Na7 Ra8 23. Nc6 f5 24. exf5 Qxf5 25. Qxf5 Rxf5 26. Re2 Rf4 27. a4 Kf7 28. f3 Rd4 29. Nxd4 cxd4 30. f4 exf4 31. Re4 Rb8 32. Rf3 Bf6 33. Rexf4 Ke7 34. Re4+ Kd7 35. Kf2 Rb4 36. Ke2 Rb8 37. g4 Rh8 38. Re6 Kc8 39. Kd3 Kb7 40. c5 Be5 41. Kc4 Rb8 42. cxd6 cxd6 43. Kb5 Rc8 44. Re7+ Rc7 45. Rxc7+ Kxc7 46. Kxa5 Bf6 47. b4 Kb7 48. b5 Bd8+ 49. Kb4 Bf6 50. a5 Ka7 51. Rxf6 gxf6 52. Kc4 d3 53. Kxd3 1-0